<?xml version="1.0" encoding="UTF-8"?>
<collection xmlns="http://www.loc.gov/MARC21/slim">
  <record>
    <leader>00000nam  2200000   4500</leader>
    <controlfield tag="001">000297</controlfield>
    <controlfield tag="005">20250712033233</controlfield>
    <datafield tag="035" ind1="#" ind2="#">
      <subfield code="a">0010-0725000147</subfield>
    </datafield>
    <controlfield tag="007">ta</controlfield>
    <controlfield tag="008">250712################a##########0#ind##</controlfield>
    <datafield tag="082" ind1="#" ind2="#">
      <subfield code="a">398.209 598</subfield>
    </datafield>
    <datafield tag="245" ind1="1" ind2="#">
      <subfield code="a">Apa makanan Mereka? /</subfield>
      <subfield code="c">All Children Reading Cambodia</subfield>
    </datafield>
    <datafield tag="250" ind1="#" ind2="#">
      <subfield code="a">Pertama</subfield>
    </datafield>
    <datafield tag="260" ind1="#" ind2="#">
      <subfield code="a">Jakarta Timur :</subfield>
      <subfield code="b">Badan Pengembangan dan Pembinaan Bahasa,</subfield>
      <subfield code="c">2022</subfield>
    </datafield>
    <datafield tag="300" ind1="#" ind2="#">
      <subfield code="a">18hlm. :</subfield>
      <subfield code="b">ilus. ;</subfield>
      <subfield code="c">21,5cm</subfield>
    </datafield>
    <datafield tag="650" ind1="#" ind2="4">
      <subfield code="a">cerita anak indonesia teejemahan</subfield>
    </datafield>
    <datafield tag="650" ind1="#" ind2="4">
      <subfield code="a">literasi bahan bacaan</subfield>
    </datafield>
    <datafield tag="700" ind1=" " ind2="#">
      <subfield code="a">Chhoun Sambath</subfield>
    </datafield>
    <datafield tag="110" ind1="#" ind2="#">
      <subfield code="a">All Children Reading Cambodia</subfield>
    </datafield>
    <datafield tag="856" ind1="#" ind2="#">
      <subfield code="a">TBM AS-SYUHADA</subfield>
    </datafield>
    <datafield tag="020" ind1="#" ind2="#">
      <subfield code="a">978-623-307-496-4</subfield>
    </datafield>
    <datafield tag="084" ind1="#" ind2="#">
      <subfield code="a">398.209 598 ALL a</subfield>
    </datafield>
    <datafield tag="990" ind1="#" ind2="#">
      <subfield code="a">TBM202400200</subfield>
    </datafield>
  </record>
</collection>
